000 00341nam a2200133 i 4500
001 bg
100 1 _aTRZEBIATOWSKI, K.
245 0 _aSzkolnictwo w województwie pomorskim w latach 1920-1939 /
_cK. Trzebiatowski.
260 _aWrocław,
_c1986.
040 _cBPK
041 _apol
942 _cKS
008 s pl f |000 0 pol
999 _c2827
_d2827
856 _uhttp://koha.tu.koszalin.pl/cgi-bin/koha/opac-detail.pl?biblionumber=2827
_yKatalog online BPK